INTRODUCCION A LA ANTROPOLOGIA FILOSOFICA (Registro nro. 50948)
[ vista simple ]
| 000 -LEADER | |
|---|---|
| fixed length control field | 00694nam a2200193 a 4500 |
| 001 - CONTROL NUMBER | |
| control field | 50948 |
| 005 - DATE AND TIME OF LATEST TRANSACTION | |
| control field | 20180714040214.0 |
| 008 - FIXED-LENGTH DATA ELEMENTS--GENERAL INFORMATION | |
| fixed length control field | 140415s1978 sp 000 0 spa d |
| 020 ## - INTERNATIONAL STANDARD BOOK NUMBER | |
| International Standard Book Number | 8431305169 |
| 041 ## - LANGUAGE CODE | |
| Language code of text/sound track or separate title | spa |
| 082 ## - DEWEY DECIMAL CLASSIFICATION NUMBER | |
| Classification number | 128 |
| Item number | IBA |
| 100 1# - MAIN ENTRY--PERSONAL NAME | |
| Personal name | IBAÑEZ LANGLOIS, J. M. |
| 245 10 - TITLE STATEMENT | |
| Title | INTRODUCCION A LA ANTROPOLOGIA FILOSOFICA |
| 250 ## - EDITION STATEMENT | |
| Edition statement | 5ed. |
| 260 ## - PUBLICATION, DISTRIBUTION, ETC. | |
| Place of publication, distribution, etc. | ESPAÑA : |
| Name of publisher, distributor, etc. | EUNSA, |
| Date of publication, distribution, etc. | 1978, 1999 |
| 300 ## - PHYSICAL DESCRIPTION | |
| Extent | 227 |
| Dimensions | 11 x 0.6 x 18 |
| 520 ## - SUMMARY, ETC. | |
| Summary, etc. | EN UN SENTIDO MAS AMPLIO ANTROPOLOGÍA PUEDE DESIGNAR AQUELLOS CONOCIMIENTOS DE ORRDEN HISTÓRICO,SOCIOLÓGICO,LINGUISTICO, ETC. QUE ABORDEN DESDE DIVERSAS PERSPECTIVAS EL FENÓMENO HUMANO. |
| 650 14 - SUBJECT ADDED ENTRY--TOPICAL TERM | |
| Topical term or geographic name entry element | ANTROPOLOGIA FILOSOFICA |
| Withdrawn status | Lost status | Source of classification or shelving scheme | Damaged status | Not for loan | Collection code | Home library | Current library | Shelving location | Date acquired | Source of acquisition | Inventory number | Total Checkouts | Full call number | Barcode | Date last seen | Date last checked out | Price effective from | Koha item type |
|---|---|---|---|---|---|---|---|---|---|---|---|---|---|---|---|---|---|---|
| Dewey Decimal Classification | General | Biblioteca Karol Wojtyla | Biblioteca Karol Wojtyla | Sala general | 03/12/2013 | Compra | 151000000000000000060772 | 2 | 128 IBA | 76049 | 05/01/2026 | 05/09/2019 | 03/12/2013 | Libro |